Statistics for All U.S. States by License Plates Picture Quiz

Click here to take the quiz!

General Stats

  • This quiz has been taken 1,569 times
    (1,223 since last reset)
  • The average score is 34 of 50

Answer Stats

HintAnswer% Correct
HTML tutorial Hawaii
91%
HTML tutorial New York
89%
HTML tutorial Arizona
88%
HTML tutorial Florida
87%
HTML tutorial Texas
87%
HTML tutorial South Dakota
84%
HTML tutorial Minnesota
83%
HTML tutorial New Mexico
83%
HTML tutorial Kentucky
81%
HTML tutorial New Jersey
81%
HTML tutorial Georgia
80%
HTML tutorial Montana
79%
HTML tutorial Idaho
78%
HTML tutorial Illinois
78%
HTML tutorial Colorado
77%
HTML tutorial Connecticut
77%
HTML tutorial Alaska
76%
HTML tutorial Missouri
76%
HTML tutorial Delaware
74%
HTML tutorial Tennessee
74%
HTML tutorial North Carolina
72%
HTML tutorial Ohio
72%
HTML tutorial South Carolina
72%
HTML tutorial Vermont
72%
HTML tutorial Wyoming
71%
HTML tutorial Washington
70%
HTML tutorial Wisconsin
70%
HTML tutorial New Hampshire
65%
HTML tutorial Rhode Island
65%
HTML tutorial Kansas
64%
HTML tutorial Oregon
63%
HTML tutorial Pennsylvania
63%
HTML tutorial Nevada
62%
HTML tutorial Utah
62%
HTML tutorial Virginia
62%
HTML tutorial Massachusetts
61%
HTML tutorial West Virginia
59%
HTML tutorial Maine
58%
HTML tutorial Michigan
57%
HTML tutorial North Dakota
57%
HTML tutorial Oklahoma
56%
HTML tutorial Arkansas
53%
HTML tutorial California
52%
HTML tutorial Maryland
48%
HTML tutorial Iowa
47%
HTML tutorial Alabama
39%
HTML tutorial Indiana
39%
HTML tutorial Mississippi
39%
HTML tutorial Nebraska
34%
HTML tutorial Louisiana
30%

Score Distribution

Percentile by Number Answered

Percent of People with Each Score

Your Score History

You have not taken this quiz since the last reset